Múlt és jövő között Csáth Géza és Nietzsche /

Elmentve itt :
Bibliográfiai részletek
Szerző: Kőváry Zoltán Ernő
További közreműködők: Szajbély Mihály (Témavezető)
Dokumentumtípus: Szakdolgozat
Megjelent: 1997
Tárgyszavak:
Online Access:http://diploma.bibl.u-szeged.hu/42571
LEADER 00578nta a2200157 i 4500
001 dipl42571
005 20140703114640.0
008 140701s1997 hu om 0|| zxx d
040 |a SZTE Diploma Repozitórium  |b hun 
041 |a zxx 
100 1 |a Kőváry Zoltán Ernő 
245 1 0 |a Múlt és jövő között  |h [elektronikus dokumentum] :  |b Csáth Géza és Nietzsche /  |c Zoltán Ernő Kőváry 
260 |c 1997 
650 4 |a Bölcsészettudományok 
700 1 |a Szajbély Mihály  |e ths 
856 4 0 |u http://diploma.bibl.u-szeged.hu/id/eprint/42571/1/1997_kovary_zoltan_erno.pdf  |z Dokumentum-elérés